Возвращение Беорхтнота: пер. с англ.

Библиографические подробности
Главный автор: Толкин (Толкиен, Толкьен) Дж. Р. Р. Джон Роналд Рейел
Примечания:Джон P. P. Толкиен известен читателю прежде всего трилогией "Властелин Колец" и ее "предысторией" — повестью "Хоббит". В истории литературы найдется немного произведений, столь же богатых по "мифологическому содержанию": скандинавские, кельтские, финские мифы, валлийские и германские предания под пером Толкиена приобрели новое звучание. Не менее насыщены мифологией и другие произведения писателя — в частности, вошедшая в этот сборник и впервые публикуемая на русском языке пьеса "Возвращение Беорхтнота", прямое "продолжение" древнеанглийской поэмы "Битва при Мэлдоне".
Язык:русский
Опубликовано: Москва, ЭКСМО-Пресс, 2001
Предметы:
Формат: Книга
Запись в KOHA:https://koha.lib.tpu.ru/cgi-bin/koha/opac-detail.pl?biblionumber=345408

MARC

LEADER 00000nam0a2200000 4500
001 345408
005 20231102005753.0
010 |a 5792103968 
010 |a 5-04-007302-X 
035 |a (RuTPU)RU\TPU\book\377245 
090 |a 345408 
100 |a 20201118d2001 m y0rusy50 ca 
101 1 |a rus  |c eng 
102 |a RU 
105 |a y z 000ay 
200 1 |a Возвращение Беорхтнота  |e пер. с англ.  |f Дж. Р. Р. Толкин (Толкиен, Толкьен) 
210 |a Москва  |c ЭКСМО-Пресс  |a Санкт-Петербург  |c Terra Fantastica  |d 2001 
215 |a 352 с. 
330 |a Джон P. P. Толкиен известен читателю прежде всего трилогией "Властелин Колец" и ее "предысторией" — повестью "Хоббит". В истории литературы найдется немного произведений, столь же богатых по "мифологическому содержанию": скандинавские, кельтские, финские мифы, валлийские и германские предания под пером Толкиена приобрели новое звучание. Не менее насыщены мифологией и другие произведения писателя — в частности, вошедшая в этот сборник и впервые публикуемая на русском языке пьеса "Возвращение Беорхтнота", прямое "продолжение" древнеанглийской поэмы "Битва при Мэлдоне". 
606 1 |a Английская литература  |2 stltpush  |3 (RuTPU)RU\TPU\subj\29042  |9 52454 
610 1 |a фантастика 
610 1 |a фэнтези 
610 1 |a пьесы 
610 1 |a приключения 
675 |a 82  |v 4 
700 1 |a Толкин (Толкиен, Толкьен)  |b Дж. Р. Р.  |c английский писатель  |c филолог  |c лингвист  |f 1892-1973  |g Джон Роналд Рейел  |2 stltpush  |3 (RuTPU)RU\TPU\pers\5419  |9 1055 
801 1 |a RU  |b 63413507  |c 20201118 
801 2 |a RU  |b 63413507  |c 20201207  |g RCR 
942 |c BK